000 00685nam a2200205 a 4500
005 20180803164937.0
008 140303b2000 gw ||||| |||| 00| 0 eng d
040 _aCO-BoIAVH
_cCO-BoIAVH
041 _aeng
044 _agx
082 _a333.72
_bM49m
110 _bMeeting of the Executive Committee of the Millennium Ecosystem Assessment
245 _aMillennium ecosystem assessment
_bstrengthening capacity to manage ecosystems sustainably for human weell-being
260 _aBonn
_bCommittee Meeting
_c2000
300 _a120 paginas
650 6 _aSostenibilidad
650 6 _aManejo de ecosistemas
650 6 _aImpacto humano
942 _cLIBRO
_2ddc
999 _c1846
_d1846